000 00843cam a2200241 4500
001 32504
003 AR-RoBPED
005 20260407092316.0
008 260406s1969 sp ||||| |||| 00| f spa d
040 _aAR-RoBPED
041 _aspa
100 1 _aCervantes Saavedra, Miguel de,
_d1547-1616
_96908
245 1 3 _aEl licenciado Vidriera y otras novelas ejemplares /
_cMiguel de Cervantes Saavedra ; edición y notas de Inmaculada Ferrer; prólogo de Luis Rosales.
260 _aNavarra :
_bSalvat,
_c1969.
300 _a189 p.
490 0 _a(Básica Salvat ;
_v8)
650 1 7 _aLITERATURA ESPAÑOLA
_9687
650 1 7 _aNOVELAS
_925
700 _aFerrer, Inmaculada
_930665
_eed.
700 _aRosales, Luis
_d1910-1992
_930666
_epról.
942 _2udc
_ak. 32504
_cBK
_h860-31
_mC 45 l
_nInv. 42362
945 _asa 06/04/2026 mev 07/04/2026
999 _c32504
_d32504